000 01407cam a2200385 a 4500
001 106077
005 20230410115729.0
008 070820s2005 bl a b f000 0 por
035 _a14972322
925 0 _aacquire
_b1 shelf copy
_xpolicy default
942 _2lcc
_cbk
010 _a 2007312301
020 _a9788589906067
020 _a858990606X
040 _aDLC
_cDLC
041 0 _apor
_aspa
042 _alcode
043 _as-bl---
_acl-----
050 1 4 _aHG185.B7
_bI59 2005
245 0 3 _aAs instituicoes financeiras públicas e o meio ambiente no Brasil e na América Latina /
_cClélia Parreira, Héctor Alimonda, organizadores.
260 _aBrasìlia :
_bFaculdade Latino-Americana de Ciéncias Sociais :
_bSecretaria de Polìticas para o Desenvolvimento Sustentàvel, Departamento de Economia e Meio Ambiente,
_c2005.
300 _a280 p. :
_bill. ;
_c23 cm.
546 _aText in Portuguese with some Spanish.
504 _aIncludes bibliographical references.
650 0 _aFinancial institutions
_zBrazil.
650 0 _aFinancial institutions
_zLatin America.
650 0 _aSustainable development
_zBrazil.
650 0 _aSustainable development
_zLatin America.
700 1 _aParreira, Clélia.
700 1 _aAlimonda, Héctor.
710 2 _aFLACSO (Organization)
710 1 _aBrazil.
_bDepartamento de Economia e Meio Ambiente.
985 _eODE-rj
946 _aJPR
999 _c46887
_d46887